Thiết kế dạy học một số đơn vị kiến thức trong môn giáo dục công dân lớp 12 theo hướng sử dụng phương pháp thảo luận nhóm

Thiết kế dạy học theo hướng sử dụng phương pháp thảo luận nhóm. Vận dụng phương pháp thảo luận nhóm thiết kế các bài dạy trong phần "Công dân với pháp luât"

保存先:
書誌詳細
第一著者: Võ, Văn Bình
その他の著者: Vũ Đức Bảy ThS (Hướng dẫn)
フォーマット: 図書
言語:Vietnamese
出版事項: Đại học Đà Nẵng Trường Đại học Sư Phạm 2009
シリーズ:Khóa luận tốt nghiệp. Chuyên ngành: Sư phạm giáo dục chính trị
主題:
タグ: タグ追加
タグなし, このレコードへの初めてのタグを付けませんか!
Thư viện lưu trữ: Mạng thư viện Đại học Đà Nẵng
LEADER 01626nam a2200349 4500
001 000011742
003 8013
005 20120216140251.0
008 120209s2009 viesd
041 |a vie 
072 |a Khóa luận tốt nghiệp 
082 |a 111.071  |b ĐI-H 
100 |a Võ, Văn Bình 
245 |a Thiết kế dạy học một số đơn vị kiến thức trong môn giáo dục công dân lớp 12 theo hướng sử dụng phương pháp thảo luận nhóm  |c Võ, Văn Bình 
260 |a Đại học Đà Nẵng  |b Trường Đại học Sư Phạm  |c 2009 
300 |a 63 tr.  |b Tóm tăt, CD, Phụ lục, hình ảnh minh họa  |c 29 cm 
490 |a Khóa luận tốt nghiệp. Chuyên ngành: Sư phạm giáo dục chính trị 
500 |a Tham khảo phụ lục trang 63 
520 |a Thiết kế dạy học theo hướng sử dụng phương pháp thảo luận nhóm. Vận dụng phương pháp thảo luận nhóm thiết kế các bài dạy trong phần "Công dân với pháp luât" 
653 |a dạy học 
653 |a thảo luận nhóm 
700 |a Vũ Đức Bảy  |c ThS  |e Hướng dẫn 
OWN |a LSP 
AVA |a UDN50  |b LSP  |d 111.071 ĐI-H  |e available  |t Error 5001 Not defined in file expand_doc_bib_avail.  |f 1  |g 0  |h N  |i 0  |k 1 
999 |a From the UDN01 
AVA |a UDN50  |b LSP  |d 111.071 ĐI-H  |e available  |t Error 5001 Not defined in file expand_doc_bib_avail.  |f 1  |g 0  |h N  |i 0  |k 1 
TYP |a Monograph 
TYP |a Printed language 
980 |a Mạng thư viện Đại học Đà Nẵng